Państwo z nazwą jak wyspa, na której leży - Statystyki

Ogólne statystyki
  • Ten quiz został rozwiązany 253 razy
    141 od ostatniego zresetowania
  • Średni wynik to 20 z 29
Statystyki odpowiedzi
# Odpowiedź % Poprawnych
8. Irlandia
84%
13. Madagaskar
82%
14. Malta
82%
26. Wielka Brytania
82%
4. Cypr
81%
9. Islandia
81%
12. Kuba
81%
7. Haiti
80%
5. Dominika
79%
10. Jamajka
74%
27. Wyspy Marshalla
74%
28. Wyspy Salomona
74%
29. Wyspy Świętego Tomasza i Książęca
74%
18. Saint Kitts i Nevis
72%
19. Saint Lucia
72%
20. Saint Vincent i Grenadyny
72%
1. Antigua i Barbuda
68%
3. Barbados
67%
21. Seszele
66%
15. Mauritius
64%
25. Trynidad i Tobago
60%
23. Tajwan
59%
6. Grenada
58%
11. Komory
56%
17. Republika Zielonego Przylądka
51%
16. Papua-Nowa Gwinea
48%
22. Singapur
48%
2. Bahrajn
44%
24. Timor Wschodni
39%
Nie znaleziono quizów pasujących do podanych kryteriów
Rozkład punktacji
Procent ludzi z każdym wynikiem
Percentyl według liczby udzielonych odpowiedzi
Twoja historia wyników
Nie rozwiązałeś tego quizu od ostatniego zresetowania